Vplyv úrokovej sadzby na hospodárenie a stabilitu bánk bakalárska práca

Gespeichert in:
Bibliographische Detailangaben
1. Verfasser: Školník, Jakub
Körperschaft: Národohospodárska fakulta EU. Katedra bankovníctva a medzinárodných financií
Weitere Verfasser: Horvátová, Eva, 1958-
Format: Buch
Sprache:Slowakisch
Veröffentlicht: Bratislava 2024
Tags: Tag hinzufügen
Keine Tags, Fügen Sie das erste Tag hinzu!

MARC

LEADER 00000nbm a2200000 4500
001 0301584
005 20241024134444.6
041 0 |a slo 
044 |a SK 
245 1 0 |a Vplyv úrokovej sadzby na hospodárenie a stabilitu bánk  |b bakalárska práca  |c Jakub Školník ; školiteľ: Eva Horvátová 
264 1 |a Bratislava  |c 2024 
300 |a 51 s. 
100 1 |a Školník, Jakub 
700 1 |a Horvátová, Eva, 1958- 
710 2 |a Národohospodárska fakulta EU. Katedra bankovníctva a medzinárodných financií